| 000 | 00835nam a22002057a 4500 | ||
|---|---|---|---|
| 999 |
_c11952 _d11952 |
||
| 003 | AR-CdUCM | ||
| 008 | 190405b ||||| |||| 00| 0 spa d | ||
| 040 |
_aMUNICIPALIDAD PROVINCIAL DEL CUSCO _cBIBLIOTECA MUNICIPAL DEL CUSCO |
||
| 082 |
_215ed. _a306.7 / _bV25 / 1948 |
||
| 100 |
_aVan de Velde, TH. _929584 |
||
| 245 |
_aEl matrimonio perfecto : _bestudio de su fisiología y su técnica / |
||
| 260 |
_aArgentina : _bClaridad, _c1948. |
||
| 300 |
_a394 páginas ; _bimágenes. _c20.5 cm. |
||
| 505 | _aIntroducción y fisiología sexual general -- Evolución de impulso sexual -- Sensaciones sexuales excitaciones internas -- Excitaciones externas... | ||
| 650 |
_aFisiología sexual. _929585 |
||
| 650 |
_aMatrimonio perfecto. _929586 |
||
| 650 |
_aRelaciones sexuales. _929587 |
||
| 942 |
_2ddc _cLIBROS |
||
| 945 |
_awfj _d2019-04-05 |
||